| 000 | 01594cam a22003254i 4500 | ||
|---|---|---|---|
| 003 | URS | ||
| 005 | 20250902094512.0 | ||
| 008 | 020416s2003 paua b 001 0 eng | ||
| 020 | _a0781736285 (cloth : alk. paper) | ||
| 040 |
_erda _cURS _bEnglish |
||
| 050 | 0 | 0 |
_aRG951 _b.P637 2003 |
| 100 | 1 |
_aPillitteri, Adele, _eauthor. |
|
| 245 | 1 | 0 |
_aMaternal & child health nursing : _bcare of the childbearing & childrearing family / _cAdele Pillitteri. |
| 246 | 3 | _aMaternal and child health nursing | |
| 246 | 3 | _aPillitteri's maternal and child health nursing | |
| 250 | _a4th ed. | ||
| 264 |
_aPhiladelphia : _bLippincott Williams and Wilkins, _c©2003. |
||
| 300 |
_axxiii, 1730, [45], [21], [20], [155] pages : _billustrations ; _c29 cm. |
||
| 336 |
_atext _btxt _2rdacontent |
||
| 337 |
_aunmediated _bn _2rdamedia |
||
| 338 |
_avolume _bnc _2rdacarrier |
||
| 500 | _aLabel on accompanying CD-ROM: Student self-study CD-ROM to accompany Psitteri's maternal and child health nursing, fourth edition / Beverly Ann Tscheschlog. | ||
| 504 | _aIncludes bibliographical references and index. | ||
| 538 | _aSystem requirements for accompanying computer disc: IBM-PC or compatible computer; Pentium 100 CPU; 32 MB RAM (64 recommended); Windows 98; Macromedia Flashplayer. | ||
| 650 | 0 | _aMaternity nursing. | |
| 650 | 0 | _aPediatric nursing. | |
| 700 | 1 |
_aTscheschlog, Beverly Ann. _tStudent self-study CD-ROM to accompany Psitteri's maternal & child health nursing, 4th ed. |
|
| 856 | 4 | 2 |
_3Publisher description _uhttp://www.loc.gov/catdir/enhancements/fy0711/2002066121-d.html |
| 942 |
_2lcc _cFR |
||
| 999 |
_c10905 _d10905 |
||